| 000 | 01136nam a2200253 4500 | ||
|---|---|---|---|
| 008 | 110121s2009 cc c 000 0 chi d | ||
| 020 | _a9624573719 :HK53.00/Php256.79 | ||
| 020 | _a9789624573718 | ||
| 041 | 1 |
_achi _hger |
|
| 090 |
_aBT83.55 _bM73 _b2009 _bc.4 |
||
| 100 | 1 | _a莫特曼-溫德 Moltmann-Wendel, Elisabeth. | |
| 245 | 1 | 0 | _a莫特曼-溫德論女性神學 Moteman-Wende lun nü xing shen xue |
| 246 | 1 | 0 |
_aElisabeth Moltmann-Wendel on feminist theology / _c莫特曼-溫德 Moteman-Wende zhu ; Zeng Qingbao ce hua ; Wu Wanru yi. |
| 246 | 1 |
_iCover title also in English: _aElisabeth Moltmann-Wendel on feminist theology |
|
| 260 |
_aXianggang : _b基道出版社 Ji dao chu ban she, _c2009. |
||
| 300 |
_axvii, 88 p., [3] p. of plates : _bports.; _c21 cm. |
||
| 490 | 1 |
_a基督教神學系列 Zhong yuan da shi. Da shi xi lie ; _v5 |
|
| 650 | 4 |
_aFeminism _xReligious aspects _xChristianity {ch}. |
|
| 650 | 4 | _aFeminist theology {ch}. | |
| 650 | 4 |
_aWomen _xReligious aspects _xChristianity {ch}. |
|
| 951 |
_pC-10193 _x00039591 _oCHBT83.55/M73/2009/c.4 _j110121135726218 _d2000-12-21 _cCH |
||
| 999 |
_c35225 _d35225 |
||
| 942 | 0 | 0 | _01 |